Filosofía del derecho (Registro nro. 5938)
[ vista simple ]
| 000 -LEADER | |
|---|---|
| fixed length control field | 01224 a2200229 4500 |
| 001 - CONTROL NUMBER | |
| control field | 55405 |
| 005 - DATE AND TIME OF LATEST TRANSACTION | |
| control field | 20260407155828.0 |
| 008 - FIXED-LENGTH DATA ELEMENTS--GENERAL INFORMATION | |
| fixed length control field | 260407a1979 arg spa d |
| 003 - CONTROL NUMBER IDENTIFIER | |
| control field | AR-UNSa-BCEJYS |
| 040 ## - CATALOGING SOURCE | |
| Original cataloging agency | AR-UNSa-BCEJYS |
| Language of cataloging | spa |
| Transcribing agency | AR-UNSa-BCEJYS |
| 080 ## - UNIVERSAL DECIMAL CLASSIFICATION NUMBER | |
| Universal Decimal Classification number | 340.12 |
| Common auxiliary subdivision | Tendencias en la teoría del derecho. Escuelas, doctrinas jurídicas. Filosofía del derecho. Teorías sobre el Estado y el derecho<br/> |
| 020 ## - INTERNATIONAL STANDARD BOOK NUMBER | |
| International Standard Book Number | 84-7162-485-0 |
| 041 ## - LANGUAGE CODE | |
| Language code of text/sound track or separate title | spa |
| 100 1# - MAIN ENTRY--PERSONAL NAME | |
| Personal name | Legaz y Lacambra, Luis |
| 245 10 - TITLE STATEMENT | |
| Title | Filosofía del derecho |
| 250 ## - EDITION STATEMENT | |
| Edition statement | 5a. ed. |
| 264 #1 - PRODUCTION, PUBLICATION, DISTRIBUTION, MANUFACTURE, AND COPYRIGHT NOTICE | |
| Place of production, publication, distribution, manufacture | Barcelona : |
| Name of producer, publisher, distributor, manufacturer | Bosch |
| Date of production, publication, distribution, manufacture, or copyright notice | 1979 |
| 300 ## - PHYSICAL DESCRIPTION | |
| Extent | 836 p. |
| Dimensions | 22 cm. |
| 505 ## - FORMATTED CONTENTS NOTE | |
| Formatted contents note | PRIMERA PARTE: La ciencia jurídica: 1. Filosofía del derecho y teoría de la ciencia jurídica - 2. Tendencias de la filosofía y la ciencia jurídica y moderna - SEGUNDA PARTE: La estructura del derecho: 1. Concepto y fundamento del derecho - 2. La normatividad jurídica - 3. El derecho y los otros órdenes normativos de la conducta humana - 4. La estructura de la realidad social y las formas del derecho - 5. Fuentes del derecho - 6. El derecho como legalidad - 7. El hombre y su derecho - 8. Las comunidades jurídicas |
| 590 ## - LOCAL NOTE (RLIN) | |
| Local note | niveau_biblio:m niveau_hierar:0 |
| 942 ## - ADDED ENTRY ELEMENTS (KOHA) | |
| Koha item type | |
| Withdrawn status | Lost status | Damaged status | Not for loan | Home library | Current library | Shelving location | Date acquired | Total checkouts | Full call number | Barcode | Date last seen | Price effective from | Koha item type |
|---|---|---|---|---|---|---|---|---|---|---|---|---|---|
| Biblioteca Prof. Eusebio Cleto del Rey | Biblioteca Prof. Eusebio Cleto del Rey | 07/04/2026 | 340.12 L496 5ed. | L53350 | 07/04/2026 | 07/04/2026 | Libro |